| 000 | 00652nam a2200217 u 4500 | ||
|---|---|---|---|
| 005 | 20250227063817.0 | ||
| 008 | 111123s2005 es r 000 0 spa d | ||
| 020 | _a847556383X | ||
| 035 | _aUPN01000182580 | ||
| 049 | _aCG | ||
| 050 | 4 |
_aBQ9265.4 _bT7.3 |
|
| 245 | 0 | 0 |
_a365 zen : _buna iluminación para cada día : el pequeño gran libro del "aqui y ahora" / _ced. Francis Amalfi. |
| 260 |
_aBarcelona, Esp. : _bOcéano, _c2005. |
||
| 300 | _a[365] p. | ||
| 650 | 4 |
_aBUDISMO ZEN _92294 |
|
| 650 | 4 |
_aMEDITACION _95887 |
|
| 650 | 2 |
_aFilosofía Oriental _916001 |
|
| 700 | 1 |
_aAmalfi, Francis, _eed. _942613 |
|
| 905 | _aLibro | ||
| 999 |
_c154683 _d154683 |
||